000 02110nam a22003497a 4500
001 102990
003 KnowledgeUnlatched
005 20210303105033.0
006 m o d
007 cr u||||||||||
008 210129p20182019inu o u00| u eng d
037 _5BiblioBoard
245 0 0 _aUniversities in Imperial Austria 1848-1918
_bA Social History of a Multilingual Space /
_cJan Surman.
020 _a9781557538611
029 1 _ahttps://library.biblioboard.com/ext/api/media/4730572d-7693-48e5-abe5-3f3d4272fe6b/assets/thumbnail.jpg
040 _aScCtBLL
_cScCtBLL
100 1 _aSurman, Jan
_eauthor.
264 1 _bPurdue University Press,
300 _a1 online resource (1 p.)
506 0 _aAccess copy available to the general public.
_fUnrestricted
_2star
520 _a"Combining history of science and a history of universities with the new imperial history, Universities in Imperial Austria 1848-1918: A Social History of a Multilingual Space by Jan Surman analyzes the practice of scholarly migration and its lasting influence on the intellectual output in the Austrian part of the Habsburg Empire. The Habsburg Empire and its successor states were home to developments that shaped Central Europe's scholarship well into the twentieth century. Universities became centers of both state- and nation-building, as well as of confessional resistance, placing scholars if not in conflict, then certainly at odds with the neutral international orientation of academe."
588 0 _aDescription based on print version record.
590 _aKU Select 2018: HSS Frontlist Books
650 7 _aHistory / Europe
_2bisacsh
650 0 _aHistory
655 0 _aElectronic books.
758 _iIs found in:
_aKnowledge Unlatched
_1https://openresearchlibrary.org/module/2774bc74-146a-484f-a7ba-ab1d6a09bbfb
856 4 0 _uhttps://openresearchlibrary.org/content/4730572d-7693-48e5-abe5-3f3d4272fe6b
_zView this content on Open Research Library.
_70
999 _c33354
_d33354